| 000 | 00548nam a22002057a 4500 | ||
|---|---|---|---|
| 001 | BD-DhSAU 7822 | ||
| 003 | BD-DhSAU | ||
| 005 | 20150528160531.0 | ||
| 008 | 150528b2003 bg a|||| |||| 001 0 eng d | ||
| 020 | _a9843209494 | ||
| 040 | _aBD-DhSAU | ||
| 082 |
_222 _a304.6 _bBAE |
||
| 245 |
_aThe elderly contemporary issues / _cedited by M. A. Sattar...[et. al.] |
||
| 260 |
_aDhaka : _bBAG , _cc2003. |
||
| 300 |
_axxxvi, 244 p.: _bill.; _c21 cm. |
||
| 504 | _aIncludes index | ||
| 590 | _aIMRAN | ||
| 700 | _aSattar, M. A. | ||
| 942 |
_2ddc _cBOOK |
||
| 999 |
_c7822 _d7822 |
||